Pakistan Kay Siyasi Waderay (Record no. 534150)
[ view plain ]
| 000 -LEADER | |
|---|---|
| fixed length control field | 00276nam a22001217a 4500 |
| 040 ## - CATALOGING SOURCE | |
| Transcribing agency | DLC |
| 082 ## - DEWEY DECIMAL CLASSIFICATION NUMBER | |
| Classification number | 954.91 |
| 100 ## - MAIN ENTRY--PERSONAL NAME | |
| Personal name | Aqeel Abasi Jafri. |
| 9 (RLIN) | 28296 |
| 245 ## - TITLE STATEMENT | |
| Title | Pakistan Kay Siyasi Waderay |
| 260 ## - PUBLICATION, DISTRIBUTION, ETC. | |
| Place of publication, distribution, etc. | Lahore |
| Name of publisher, distributor, etc. | Jhangir Box |
| Date of publication, distribution, etc. | [N.D] |
| 300 ## - PHYSICAL DESCRIPTION | |
| Extent | 976;p |
| 942 ## - ADDED ENTRY ELEMENTS (KOHA) | |
| Source of classification or shelving scheme | |
| Koha item type | Book |
| Withdrawn status | Lost status | Source of classification or shelving scheme | Damaged status | Not for loan | Permanent Location | Current Location | Date acquired | Total Checkouts | Full call number | Barcode | Date last seen | Price effective from | Koha item type |
|---|---|---|---|---|---|---|---|---|---|---|---|---|---|
| School of Civil and Environmental Engineering (SCEE) | School of Civil and Environmental Engineering (SCEE) | 02/04/2020 | 954.91 | NIT-9653 | 02/04/2020 | 02/04/2020 | Book |
